| 000 | 01033nam a22002537a 4500 | ||
|---|---|---|---|
| 005 | 20170124103010.0 | ||
| 010 | _a718559 | ||
| 020 | _c9.00 | ||
| 035 | _a718559 | ||
| 037 | _bCen Lib/Ret | ||
| 040 |
_aDPL _bHN |
||
| 082 |
_aउ _bभैरप्पा |
||
| 100 |
_aभैरप्पा, सं.लि _957247 |
||
| 245 |
_aदायेरे आस्थाओं के / _c सं.लि भैरप्पा |
||
| 246 |
_aDayere asthayon ke / _bby Sn. Li Bhairappa |
||
| 260 |
_aनई दिल्ली _bभारतीय ज्ञान पीठ प्रकाशन _c1976 |
||
| 270 |
_aबी-४५-४७, कोनोट प्लेस _bनई दिल्ली _e110001 |
||
| 300 |
_a206पृ. _c17सेमी(सजिल्द ) |
||
| 650 |
_aहिंदी साहित्य _x _z _957248 |
||
| 650 |
_aहिंदी उपन्यास _957249 |
||
| 650 |
_aHindi literature _v _957250 |
||
| 650 |
_aHindi fiction _927248 |
||
| 942 |
_2ddc _cHN _hउ _mभैरप्पा |
||
| 999 |
_c114543 _d114543 |
||